| 000 | 01037nam a2200337 a 4500 | ||
|---|---|---|---|
| 001 | 000114860 | ||
| 003 | CHAP | ||
| 005 | 20220329144502.0 | ||
| 008 | 180627s2014 mx a rl l000 0 spa d | ||
| 010 | _a111321 | ||
| 011 | _a112293 | ||
| 020 | _a9786074388558 | ||
| 040 | _cCHAP | ||
| 082 | 0 | 4 |
_a658 _aI53y 2014 |
| 100 | 0 | 0 |
_aImai, Masaaki. _957447 |
| 245 | 1 | 0 |
_aKaizen : _bla clave de la ventaja competitiva japonesa / _cpor Massaiki Imai. |
| 250 | _a2 ed. | ||
| 260 |
_aMéxico : _bPatria, _c2014. |
||
| 300 |
_a298 p. : _bil. |
||
| 534 |
_pTít. original : _tKaizen : the key to Japan's competitive succes |
||
| 590 |
_aE11695DGD _b10 _c20180716 _lUCH01 _h1408 |
||
| 590 |
_aE11695DGD _b10 _c20180716 _lUCH01 _h1412 |
||
| 590 |
_aE8697GMM _b05 _c20180627 _lUCH01 _h1339 |
||
| 590 |
_aE8697GMM _b05 _c20180627 _lUCH01 _h1347 |
||
| 650 | 1 | 4 |
_aAdministración _xParticipación de los empleados. _9131521 |
| 650 | 1 | 4 |
_aCalidad _xControl de la. _917484 |
| 650 | 1 | 4 |
_aCompetencia. _926091 |
| 901 | _aBK | ||
| 942 | _cLIBRO | ||
| 942 | _n0 | ||
| 999 |
_c111321 _d111321 |
||